000 00308nam a22001337a 4500
008 180927b xxu||||| |||| 00| 0 eng d
020 _a9780393704433
041 _aeng
080 _a159.9
100 _a48
101 _aPSI
245 _aEvidence-Based Mental Health practice
_cDrake,R.E
942 _2udc
_cBK
999 _c48616
_d48616